| 000 | 00454nam a2200205Ia 4500 | ||
|---|---|---|---|
| 008 | 210210b1964 xxu||||| |||| 00| 0 eng d | ||
| 041 | _aeng | ||
| 082 | _a822/878 | ||
| 100 | _aMUNSHI | ||
| 245 | _aWhat life has taught me | ||
| 260 |
_aBombay _bBharathiya Vidya Bhawan _c1964 |
||
| 650 | _aWhat | ||
| 650 | _ataught | ||
| 650 | _ame | ||
| 650 | _alife | ||
| 650 | _ahas | ||
| 690 | _aEnglish Prose | ||
| 700 | _aDIWAKAR Ed | ||
| 906 | _a013062 | ||
| 999 |
_c131896 _d131896 |
||